000 00669nam a2200217 u 4500
005 20240806063818.0
008 080613s2006 es r 000 0 spa d
020 _a8420551856 (10 dígitos)
020 _a9788420551852 (13 dígitos)
035 _aUPN01000156880
049 _aI
050 4 _aPZ78
_bCH3.76
100 1 _aChandro Ramírez, Juan Carlos,
_d1963-
_937583
245 1 0 _aRosa contra los guarrocacas /
_cJuan Carlos Chandro ; il. Guillermo Ferreira.
260 _aMadrid :
_bPearson Educación,
_c2006.
300 _a87 p. :
_bil.
440 0 _a+ 8 años ;
_v44
650 4 _aLiteratura juvenil
_95153
650 2 _aPublicidad
_95809
905 _aInfantil
999 _c128994
_d128994